Perfumes sintéticos (Record no. 134106)

MARC details
000 -LEADER
campo de control de longitud fija 00748nam a22002291i 4500
001 - NÚMERO DE CONTROL
campo de control 134106
003 - IDENTIFICADOR DE NÚMERO DE CONTROL
campo de control ES-MaACL
005 - FECHA Y HORA DE LA ÚLTIMA TRANSACCIÓN
campo de control 20230906194612.0
007 - CAMPO FIJO DE DESCRIPCIÓN FÍSICA--INFORMACIÓN GENERAL
campo de control de longitud fija t|
008 - DATOS DE LONGITUD FIJA--INFORMACIÓN GENERAL
campo de control de longitud fija 070905s1951 sp ||||0| spa d
016 7# - NÚMERO DE CONTROL DE UNA AGENCIA BIBLIOGRÁFICA NACIONAL
Número de control cancelado/no válido IND2000943438
040 ## - FUENTE DE CATALOGACIÓN
Centro catalogador/agencia de origen M-BN
Lengua de catalogación spa
Centro/agencia transcriptor CDM
080 ## - NÚMERO DE LA CLASIFICACIÓN DECIMAL UNIVERSAL
Número de la Clasificación Decimal Universal 668.53(02)
100 1# - ENTRADA PRINCIPAL--NOMBRE DE PERSONA
Nombre de persona West, T. F.
9 (RLIN) 116555
245 10 - MENCIÓN DEL TÍTULO
Título Perfumes sintéticos
Resto del título : su química y preparación /
Mención de responsabilidad, etc. T. F. West, H. J. Strausz, D. H. R. Barton ; versión española por H. García Aráez.
260 ## - PUBLICACIÓN, DISTRIBUCIÓN, ETC.
Lugar de publicación, distribución, etc. Madrid :
Nombre del editor, distribuidor, etc. Aguilar,
Fecha de publicación, distribución, etc. [1951] (
Fabricante Nuevas Gráficas)
300 ## - DESCRIPCIÓN FÍSICA
Extensión XIX, 452 p. ;
Dimensiones 22 cm.
700 1# - ENTRADA AGREGADA--NOMBRE PERSONAL
Nombre de persona Barton, D. H. R.
9 (RLIN) 26182
700 1# - ENTRADA AGREGADA--NOMBRE PERSONAL
Nombre de persona Strausz, H. J.
9 (RLIN) 108408
700 0# - ENTRADA AGREGADA--NOMBRE PERSONAL
Nombre de persona García Aráez, H.
9 (RLIN) 54171
852 ## - LOCALIZACIÓN
Ubicación ES-MaACL
Número de control de estantería D-5964
Sublocalización o colección R.32077
Holdings
Estatus retirado Estado de pérdida Estado de daño No para préstamo Biblioteca de origen Biblioteca actual Ubicación en estantería Fecha de adquisición Fuente de adquisición Total de préstamos Signatura topográfica completa Código de barras Visto por última vez Precio de reemplazo Tipo de ítem Koha
        Biblioteca del Ateneo de Madrid Biblioteca del Ateneo de Madrid Sala Valle Inclán 17/01/2008     D-5964 901139597 23/02/2023 23/02/2023 Libro impreso